=LDR 00000nam 2200000 4500 =001 INLIS000000000005952 =005 20251030103118 =035 ##$$a 0010-1025001007 =007 ta =008 251030################f##########0#ind## =082 ##$$a 304.66 =084 ##$$a 304.66 BAD l =245 1#$$a Laporan Tahunan Kegiatan dan Hasil-Hasil Kegiatan Pengendalian Lapangan (DALAP) : $b Periode: April 1989 - Maret 1990 /$c BADAN KOORDINASI KELUARGA BERENCANA NASIONAL =260 ##$$a Jakarta :$b Badan Koordinasi Keluarga Berencana Nasional,$c 1990 =300 ##$$a 58 hlm. =650 #4$$a Pengendalian Lapangan (DALAP) =110 2#$$a BADAN KOORDINASI KELUARGA BERENCANA NASIONAL =856 ##$$a Perpustakaan Kemendukbangga